Oracle database 11g PL/SQL programming workbook / (Record no. 36434)
[ view plain ]
| 000 -LEADER | |
|---|---|
| fixed length control field | 01481cam a22003498a 4500 |
| 005 - DATE AND TIME OF LATEST TRANSACTION | |
| control field | 20100527151243.0 |
| 008 - FIXED-LENGTH DATA ELEMENTS--GENERAL INFORMATION | |
| fixed length control field | 100106s2010 nyu 000 0 eng |
| 010 ## - LCCN (DPL NO) | |
| LC control number | ENG-96223 |
| 020 ## - INTERNATIONAL STANDARD BOOK NUMBER | |
| International Standard Book Number | 9780070702264 |
| Terms of availability | 525.00 |
| 020 ## - INTERNATIONAL STANDARD BOOK NUMBER | |
| International Standard Book Number | 0070702268 |
| Terms of availability | 525.00 |
| 035 ## - SYSTEM CONTROL NUMBER | |
| System control number | EN-79756 |
| 037 ## - SOURCE OF ACQUISITION | |
| Source of stock number/acquisition | DBAB/PUB |
| 040 ## - CATALOGING SOURCE | |
| Original cataloging agency | DPL |
| Language of cataloging | Eng |
| 082 ## - DEWEY DECIMAL CLASSIFICATION NUMBER | |
| Classification number | 005.7565 |
| 100 ## - MAIN ENTRY--PERSONAL NAME | |
| Personal name | McLaughlin, Michael |
| 245 ## - TITLE STATEMENT | |
| Title | Oracle database 11g PL/SQL programming workbook / |
| Statement of responsibility, etc | by Michael McLaughlin [and] John M. Harper |
| 260 ## - PUBLICATION, DISTRIBUTION, ETC. (IMPRINT) | |
| Place of publication, distribution, etc | New Delhi |
| Name of publisher, distributor, etc | Tata McGraw-Hill |
| Date of publication, distribution, etc | 2010 |
| 270 ## - ADDRESS | |
| Address | 7, West Patel Nagar |
| City | New Delhi |
| Postal code | 110008 |
| 300 ## - PHYSICAL DESCRIPTION | |
| Extent | xxix, 478p. : |
| Other physical details | ill, |
| Dimensions | 24 cm (pbk) |
| 500 ## - GENERAL NOTE | |
| General note | includes index |
| 630 ## - SUBJECT ADDED ENTRY--UNIFORM TITLE | |
| Uniform title | Oracle (Computer file) |
| 650 ## - SUBJECT ADDED ENTRY--TOPICAL TERM | |
| Topical term or geographic name as entry element | Database management. |
| 650 ## - SUBJECT ADDED ENTRY--TOPICAL TERM | |
| Topical term or geographic name as entry element | PL/SQL (Computer program language) |
| 650 ## - SUBJECT ADDED ENTRY--TOPICAL TERM | |
| Topical term or geographic name as entry element | Relational databases. |
| 700 ## - ADDED ENTRY--PERSONAL NAME | |
| Personal name | Harper, John M. |
| 856 ## - ELECTRONIC LOCATION AND ACCESS | |
| Materials specified | Contributor biographical information |
| Uniform Resource Identifier | <a href="http://www.loc.gov/catdir/enhancements/fy1005/2009052631-b.html">http://www.loc.gov/catdir/enhancements/fy1005/2009052631-b.html</a> |
| 856 ## - ELECTRONIC LOCATION AND ACCESS | |
| Materials specified | Publisher description |
| Uniform Resource Identifier | <a href="http://www.loc.gov/catdir/enhancements/fy1005/2009052631-d.html">http://www.loc.gov/catdir/enhancements/fy1005/2009052631-d.html</a> |
| 856 ## - ELECTRONIC LOCATION AND ACCESS | |
| Materials specified | Table of contents only |
| Uniform Resource Identifier | <a href="http://www.loc.gov/catdir/enhancements/fy1005/2009052631-t.html">http://www.loc.gov/catdir/enhancements/fy1005/2009052631-t.html</a> |
| 942 ## - ADDED ENTRY ELEMENTS (KOHA) | |
| Source of classification or shelving scheme | Dewey Decimal Classification |
| Item type | English Books |
| Call number suffix | MCL |
| Classification part | 005.7565 |
| Withdrawn status | Lost status | Source of classification or shelving scheme | Materials specified (bound volume or other part) | Damaged status | Not for loan | Collection code | Home library | Current library | Date acquired | Source of acquisition | Cost, normal purchase price | Total Checkouts | Full call number | Barcode | Date last seen | Copy number | Cost, replacement price | Koha item type |
|---|---|---|---|---|---|---|---|---|---|---|---|---|---|---|---|---|---|---|
| Dewey Decimal Classification | Pbk | Not For Loan | Non-fiction | D.B.Act.Division | D.B.Act.Division | 10/05/2010 | DBAB/PUB | 525.00 | MCL | EN-79756 | 01/06/2010 | 1 | 525.00 | English Books |
